مكتبة جامعة عجلون الوطنية

فهرس بحث المكتبة

Normal view MARC view
  • الاقتصاد الاسلامي- الاسلام والاجور

Entry Topical Term

Number of records used in: 1

001 - CONTROL NUMBER

  • control field: 30617

003 - CONTROL NUMBER IDENTIFIER

  • control field: JO-AjAnu

005 - DATE AND TIME OF LATEST TRANSACTION

  • control field: 20230606075150.0

008 - FIXED-LENGTH DATA ELEMENTS

  • fixed length control field: 230606|| aca||aabn | a|a d

040 ## - CATALOGING SOURCE

  • Original cataloging agency: JO-AjAnu
  • Transcribing agency: JO-AjAnu

150 ## - HEADING--TOPICAL TERM

  • Topical term or geographic name entry element: الاقتصاد الاسلامي- الاسلام والاجور

670 ## - SOURCE DATA FOUND

  • Source citation: Work cat.: (JO-AjAnu)15725: الشبول، محمد فاروق محمد, author 30616, العمل وأثر الأجر على عرض العمل و النمو في الإقتصاد الإسلامي = The Labor and the Effect of Wage on the Labor Supply and Growth in Islamic Economy